NSAID's - Statistieken

Algemene statistieken
  • Deze quiz is 4 keer genomen
  • De gemiddelde score is 6 van 26
Antwoordstatistieken
Antwoord % Correct
Ibuprofen
75%
Diclofenac
50%
Paracetamol
50%
Aceclofenac
25%
Acetylsalicylzuur
25%
Celecoxib
25%
Indometacine
25%
Ketoprofen
25%
Ketorolac
25%
Meloxicam
25%
NAPQI Antidotum
25%
Naproxen
25%
Oxicams
25%
Para-aminofenolderivaten
25%
Piroxicam
25%
Salicylaten
25%
Selectieve COX-2 inhibitoren
25%
Tenoxicam
25%
Arylpropionzuurderivaten
0%
Etoricoxib
0%
Fenylbutazon
0%
Flurbiprofen
0%
Indool- en arylazijnzuurderivaten
0%
Metamizol
0%
Parecoxib
0%
Pyrazolonderivaten
0%
Geen overeenkomende quizzen gevonden
Scoreverdeling
Procent van Mensen met Elke Score
Percentiel versus Aantal Correcte Antwoorden
Uw Scoregeschiedenis
U heeft deze quiz nog niet genomen